Gabriel Marcel (Record no. 130473)
[ view plain ]
| 000 -LEADER | |
|---|---|
| fixed length control field | 00351nam a22001337a 4500 |
| 008 - FIXED-LENGTH DATA ELEMENTS--GENERAL INFORMATION | |
| fixed length control field | 200519b ||||| |||| 00| 0 eng d |
| 050 ## - LIBRARY OF CONGRESS CALL NUMBER | |
| Classification number | SPC. HS3. M3 |
| 100 ## - MAIN ENTRY--PERSONAL NAME | |
| Personal name | John R. Stacer |
| 9 (RLIN) | 49788 |
| 245 ## - TITLE STATEMENT | |
| Title | Gabriel Marcel |
| Statement of responsibility, etc | John R. Stacer |
| 300 ## - PHYSICAL DESCRIPTION | |
| Extent | 12p. ; |
| Dimensions | 30cm. |
| 500 ## - GENERAL NOTE | |
| General note | Class notes |
| 600 ## - SUBJECT ADDED ENTRY--PERSONAL NAME | |
| Personal name | Marcel, Gabriel |
| 9 (RLIN) | 7329 |
| 942 ## - ADDED ENTRY ELEMENTS (KOHA) | |
| Source of classification or shelving scheme | Library of Congress Classification |
| Item type | Monograph ( Printed materials) |
| Withdrawn status | Lost status | Source of classification or shelving scheme | Damaged status | Not for loan | Collection code | Home library | Current library | Shelving location | Date acquired | Total Checkouts | Full call number | Barcode | Date last seen | Price effective from | Koha item type |
|---|---|---|---|---|---|---|---|---|---|---|---|---|---|---|---|
| Library of Congress Classification | Main Collection | ARRUPE LIBRARY | ARRUPE LIBRARY | Main Collection | 19/05/2020 | SPC. HS3. M3 | 46600007294 | 19/05/2020 | 19/05/2020 | Monograph ( Printed materials) |